| 000 | 00942nam a22002777a 4500 | ||
|---|---|---|---|
| 001 | 0011401 | ||
| 003 | DO-SdBNP | ||
| 005 | 20220608104739.0 | ||
| 007 | 0011401 | ||
| 008 | 160914b1998 mx| 00| 0 spa d | ||
| 020 | _a9706078142 | ||
| 040 |
_aBPMSU _bspa _cBPMSU |
||
| 082 |
_aR461.03 _bO78L 1998 _222 |
||
| 245 | 3 |
_aOrtografía : _b lengua española reglas y ejercicios / _cdirector Aarón Alboukrek ; redacción Gloria Fuentes, Gabriela Pérez Tagle ; revisión Ma. de Jesús Hilario |
|
| 260 |
_aMéxico : _bLarousse, _c2003. |
||
| 300 |
_a316 p. : _c23 cm. |
||
| 650 | 4 |
_aEspañol _xOrtografía _v Manuales |
|
| 650 | 4 |
_aEspaño _xGramática _vManuales. |
|
| 700 | 1 |
_aAlboukrek, Aarón, _edirector editorial |
|
| 700 | 1 |
_aFuentes, Gloria, _eredactora |
|
| 700 | 1 |
_aPérez Tagle, Gabriela, _eredactora |
|
| 700 | 1 |
_aMa. de Jesús Hilario, _erevisora |
|
| 710 | 2 | _aLarousse | |
| 942 |
_2ddc _cBK |
||
| 956 |
_aBTAVÁREZ _b10 _c20161409 _d0011401 |
||
| 999 |
_c11365 _d11365 |
||